00939nam a2200229 i 4500003000900000005001700009007000300026008004100029040003000070082001300100100002200113245018200135264008700317300003800404336002700442337003300469338002800502500006700530700003700597700004400634700003100678DO-SdBNP20240301110440.0ta240301s1994 dr a b 000 0 spa d aDO-SdBNPbspacBNPHUerda bL181222 aLagual, Valentina10aMatemática y ciencias naturales :b3er. grado /cmatemáticas Valentina Lagual, Mercedes Almonte Valdez ; ciencias naturales Andrea Griselda Ricón Ozuna, Carmen Elena Cruz  1aSanto Domingo :bSecretaria de Estado de Educación Bellas Artes y Cultos,c1994. a2 libros bilustraciones c27 cm. 2rdacontentatextobtxt 2rdamediaasin mediaciónbn 2rdacarrieravolumenbnc aLa biblioteca posee el libro del alumno y cuaderno de trabajo.12aAlmonte Valdez, Mercedeseautora 2aRincón Ozuna, Andrea Griseldaeautora12aCruz, Carmen Elenaeautora